=LDR 00000nam 2200000 4500 =001 INLIS000000000023781 =005 20130612122418 =008 ***********************************Ind** =035 ##$$0010-061300000023781 =041 ##$$a Ind =082 ##$$a 355.47 =090 ##$$a 335.47, Nas p =100 ##$$a Nasution, A.H =245 ##$$a Pokok-pokok griliya dan pertahanan repoblik indonesia dimasa lalu dan yang akan datang, A.H Nasution =260 ##$$a 1980 $b Bandung =300 ##$$a 349 hlm, ilus, 21 cm =650 ##$$a Operasi militer =850 ##$$a NBPNMAT